000 00878nas a2200265 4500
001 BR2013009068
003 BR-BrBNA
005 20231205123246.0
007 ta
008 230509b bl.|||p| |||| 00| 00por d
040 _aBR-BrBNA
_bpor
_cBiblioteca Nacional de Agricultura
041 _a(En)
072 _aQ80; Q04
100 1 _aBritto, D. de
100 1 _aAssis, O.B.G.
245 1 _aChemical, biochemical, and microbiological aspects of chitosan quaternary salt as active coating on sliced apples
650 _aBIOFILME
650 _aMAÇÃ
650 _aFUNGICIDA
650 _aANÁLISE QUÍMICA
773 0 _tCiência e Tecnologia de Alimentos (Brazil)
_xISSN 1678-457X
_g(Jul-Sep 2012), v. 32(3) p. 599-605
_wBR2013009068
856 4 0 _uhttp://www.scielo.br/pdf/cta/v32n3/aop_cta_5347.pdf
909 _a202311
_bLúcia
_c55
_dLúcia Elande
942 _2AGRIS
_n0
_cANA
999 _c232981
_d232981